Library Banner

Studies in Muslim philosophy and literature/ (Record no. 96367)

MARC details
000 -LEADER
fixed length control field 00397nam a22001457a 4500
005 - DATE AND TIME OF LATEST TRANSACTION
control field 20170803140853.0
008 - FIXED-LENGTH DATA ELEMENTS--GENERAL INFORMATION
fixed length control field 170803b xxu||||| |||| 00| 0 eng d
040 ## - CATALOGING SOURCE
Transcribing agency PK-LaUMT
082 ## - DEWEY DECIMAL CLASSIFICATION NUMBER
Classification number ZIAC 297.01
Item number BAS-S
100 ## - MAIN ENTRY--PERSONAL NAME
Personal name Bashir Ahmad Dar
245 ## - TITLE STATEMENT
Title Studies in Muslim philosophy and literature/
Statement of responsibility, etc Bashir Ahmad Dar
260 ## - PUBLICATION, DISTRIBUTION, ETC. (IMPRINT)
Place of publication, distribution, etc Lahore:
Name of publisher, distributor, etc Iqbal academy,
Date of publication, distribution, etc 1996
300 ## - PHYSICAL DESCRIPTION
Extent 267 p.
942 ## - ADDED ENTRY ELEMENTS (KOHA)
Koha item type Books
Holdings
Withdrawn status Lost status Damaged status Home library Current library Date acquired Full call number Barcode Date last seen Price effective from Koha item type
      UMT Main Campus UMT Main Campus 2017-08-03 ZIAC 297.01 BAS-S 112031 2017-08-03 2017-08-03 Books